| 000 | 00627nam a2200217 4500 | ||
|---|---|---|---|
| 005 | 20250926110103.0 | ||
| 020 |
_a9788125911630 _cTZS 50,000/= |
||
| 040 |
_aMCCL _beng. _eAACR 2nd rev. ed. |
||
| 082 | _a658.4012 LOM | ||
| 100 | _aLomash, Sukul | ||
| 245 |
_a Business policy and strategic management/ _cSukul Lomash and P. K. Mishra |
||
| 260 |
_aNew Delhi : _bVikas Pub. House, _cc2003 |
||
| 300 |
_axxiv, 381 p.: _bill.; _c24cm |
||
| 504 | _aIncludes index | ||
| 546 | _aeng. | ||
| 650 | _aBusiness planning | ||
| 650 | _aStrategic management | ||
| 650 | _aBusiness management | ||
| 700 | _aMishra, P.K. | ||
| 942 | _cBK | ||
| 999 |
_c11241 _d11241 |
||